|
|
|
|
| LEADER |
00652cam a2200193 7i4500 |
| 001 |
0000032332 |
| 005 |
20120113090000.0 |
| 020 |
|
|
|a 0470375957
|
| 020 |
|
|
|a 9780470375952 (hbk.)
|
| 090 |
0 |
0 |
|a HF5549.5.R58
|b P55 2009
|
| 100 |
1 |
|
|a Phillips, Jack J
|
| 245 |
1 |
0 |
|a Managing talent retention :
|b an ROI approach
|c Jack J. Phillips, Lisa Edwards.
|
| 260 |
|
|
|a San Francisco:
|b Pfeiffer,
|c 2009.
|
| 300 |
|
|
|a xviii, 403 p.:
|b ill.;
|c 24 cm.
|
| 490 |
0 |
|
|a Essential resources for training and HR professionals
|
| 650 |
0 |
0 |
|a Labor turnover
|
| 650 |
0 |
0 |
|a Employee retention
|
| 700 |
1 |
|
|a Edwards, Lisa
|
| 999 |
|
|
|a 0000050190
|b BOK
|c OPEN SHELF
|e 1st Floor, Bestari Jaya
|